000 00305nam a22001337a 4500
008 170526b xxu||||| |||| 00| 0 eng d
020 _a3540161384
041 _aeng
080 _a621.3
100 _a27
101 _aIM
245 _aBASIC PRINCIPLES OF POWER ELECTRONICS
_cHEUMANN, K
942 _2udc
_cBK
999 _c14481
_d14481